Statistiques concernant Mots en anglais 3

Cliquez ici pour prendre le quiz!

Statistiques générales

  • Ce quiz a été pris 125 fois
  • Le résultat moyen est 6 sur 20

Statistiques - réponses

FrançaisAnglais% Correct
NuNaked
78%
Se raserTo shave
67%
PresqueAlmost
63%
AileWing
63%
MêmeEven
56%
PoignetWrist
56%
ObscuritéDarkness
54%
S'excuserTo apologize
46%
GelerTo freeze
44%
Mener / DirigerTo lead
33%
VersTowards
33%
Pas, à traversThrough
30%
BalançoireSwing
27%
Idiot, stupideSilly
25%
RamperTo crawl
22%
AvalerTo swallow
22%
Sceller, fermer hermétiquementTo seal
13%
CracherTo spit
11%
GémissementsWhimpers / Moaning
11%
Bien queAltougth
0%
GrincementsCreaking
0%
RienNowhere
0%
Asile / Maison de fouNuthouse
0%
TremblantShakily
0%
BégaiementStammer
0%
Furtif, discretStealthy
0%
ChérieSweetie
0%
Faire peur / Faire flipperTo freak
0%
VisserTo screw
0%
PiétinerTo stomp
0%

Distribution des résultats

Percentile par nombre de réponses

% des personnes avec chaque résultat

Votre développement - résultats

Vous n’avez pas pris ce quiz